书目信息 |
| 书名: | Molecular mechanics | |
| 作者: | Ulrich Burkert, Norman L. Allinger | |
| 分册号: | ||
| 分册名: | 出版地: | Washington, D.C. : |
|
| 出版社: | American Chemical Society | |
| 出版时间: | 1982. | |
| 页数: | xi, 339 p. : | |
| 开本: | 24 cm. | |
| 丛书名: | ACS monograph | |
| 中图分类号: | ||
| 科图分类号: | ||
| 其他分类号: | O641 | |
| 主题词: | ||
| 电子资源: | ||
| 000 | 00925nam 2200289 a 4500 | |
| 001 | E0755108756 | |
| 005 | 20070301151848.73 | |
| 008 | 00110 eng | |
| 008 | uu | |
| 010 | @a82011442 | |
| 020 | @a0841205841. | |
| 049 | @aN5LA | |
| 050 | 0 | @aQD461 @b.B974 1982 |
| 082 | 0 | @a541.2/2 @219 |
| 090 | @a2/Q71/B95////////720166/750695/ cop.2 | |
| 090 | @aO641 | |
| 096 | @aQ71 @v2 | |
| 099 | @dO641@ex10 | |
| 100 | 10 | @aBurkert, Ulrich, @d1949- |
| 245 | 10 | @aMolecular mechanics / @cUlrich Burkert, Norman L. Allinger |
| 260 | 0 | @aWashington, D.C. :@bAmerican Chemical Society,@c1982. |
| 300 | @axi, 339 p. :@bill., ports. ;@c24 cm. | |
| 440 | 0 | @aACS monograph, @x0065-7719 ; @v177 |
| 504 | @aIncludes bibliographies and index. | |
| 650 | 0 | @aMolecular structure. |
| 700 | 10 | @aAllinger, Norman L. @b00 @c20020930 @lNLC09 @h2248 @lNLC09 @h2325 @lNLC09 @h1916 |
| 852 | 9 | @bWWJC @cJ08S @k2 @hQ71 @iB95 |
| Molecular mechanics / / Ulrich Burkert, Norman L. Allinger.-Washington, D.C. : : American Chemical Society, , 1982. |
| xi, 339 p. : : ill., ports. ; ; 24 cm.- (ACS monograph, 0065-7719 ; 177 ) |
| Includes bibliographies and index. |
| ISBN 0841205841. |
| ● |
| 相关链接 |
|
|
|
|
正题名:Molecular mechanics
索取号:O641/x10
 
预约/预借
| 序号 | 登录号 | 条形码 | 馆藏地/架位号 | 状态 | 备注 |
| 1 | 0000101 | 300001012 | 第四借阅区/ [索取号:O641/x10] | 在馆 | |
| 2 | 182909 | 000635637 | 第二样本阅览室/ [索取号:O641/x10] | 在馆 | |
| 3 | 182910 | 000635628 | 第四借阅区/ [索取号:O641/x10] | 在馆 |